Score 0/45 Timer 04:00
0 Plays Today
Clue 4-Letter Word % Correct
☾Shopping center☽☾MALL☽
94.6%
Dillon or DamonMATT
94.1%
Like skyscrapersTALL
93.7%
Spill the beansTELL
92.8%
Wrestling surfacesMATS
92.5%
Greenish blueTEAL
92.4%
Penn or AstinSEAN
91.7%
Shut tightSEAL
91.4%
Lab maze runnersRATS
91%
Shake alternativeMALT
91%
☾Staircase part☽☾STEP☽
87%
Campbell's productSOUP
86.3%
SpottedSEEN
85.6%
OozeSEEP
84.8%
Cup edgesRIMS
84.5%
Los Angeles squadRAMS
82.5%
Like a loser's grapesSOUR
81.5%
SluggishSLOW
78.7%
Bar in the bathroomSOAP
77.1%
SaturateSOAK
74.7%
SkyrocketSOAR
74.6%
Mine findsORES
73%
Burn a bitSEAR
70.2%
Clue 4-Letter Word % Correct
Second New Testament bookMARK
69.5%
Stash awaySTOW
69.3%
Aretha's forteSOUL
69.2%
☾Time for tea☽☾FOUR☽
67.6%
MulliganSTEW
67.1%
Tolkien monstersORCS
66.1%
Not fairFOUL
65.9%
☾Snake eyes☽☾ONES☽
65.5%
Make fun ofMOCK
65.3%
Puppet materialSOCK
64.7%
Sets one's sights onAIMS
64.1%
Military equipmentARMS
63.3%
MLB manager ConnieMACK
62.9%
Curved pathsARCS
61.8%
Run smoothlyFLOW
61.2%
A chicken's emotionFEAR
61.2%
Skillful actFEAT
61.2%
Off-keyFLAT
59.4%
Perfection spoilerFLAW
58.5%
Lots and lotsMANY
56.4%
Proud or LincolnMARY
52.2%
☾'Death in Venice' author Thomas☽☾MANN☽
39.1%

Today's Daily Dose

Remove Ads.
Support Sporcle.
Get the best of Sporcle when you Go Orange. This ad-free experience offers more features, more stats, and more fun while also helping to support Sporcle. Thank you for becoming a member.

You're not logged in!

Compare scores with friends on all Sporcle quizzes.
OR
Log In

Show Comments

Extras

Top Quizzes Today


Score Distribution

Your Account Isn't Verified!

In order to create a playlist on Sporcle, you need to verify the email address you used during registration. Go to your Sporcle Settings to finish the process.

Report this User

Report this user for behavior that violates our Community Guidelines.

Details: